Comunicazioni E Studi. (Record no. 49271)
[ view plain ]
| 000 -LEADER | |
|---|---|
| fixed length control field | 00987nam a2200301 4500 |
| 003 - CONTROL NUMBER IDENTIFIER | |
| control field | EG-GICUC |
| 005 - DATE AND TIME OF LATEST TRANSACTION | |
| control field | 20260121101444.0 |
| 008 - FIXED-LENGTH DATA ELEMENTS--GENERAL INFORMATION | |
| fixed length control field | 251209s1953 it ||||fr|||| 00| 0 ita d |
| 040 ## - CATALOGING SOURCE | |
| Original cataloging agency | EG-GICUC |
| Language of cataloging | ita |
| Transcribing agency | EG-GICUC |
| Modifying agency | EG-GICUC |
| Description conventions | rda |
| 041 0# - LANGUAGE CODE | |
| Language code of text/sound track or separate title | ita |
| 082 04 - DEWEY DECIMAL CLASSIFICATION NUMBER | |
| Edition number | 21 |
| Classification number | 341.22 |
| Item number | AG .C |
| 092 04 - LOCALLY ASSIGNED DEWEY CALL NUMBER (OCLC) | |
| Edition number | 21 |
| 099 ## - LOCAL FREE-TEXT CALL NUMBER (OCLC) | |
| Classification number | Law1 11 341.22 AG .C 1953 |
| 100 1# - MAIN ENTRY--PERSONAL NAME | |
| Personal name | Ago,Roberto |
| Relator term | Author. |
| 245 10 - TITLE STATEMENT | |
| Title | Comunicazioni E Studi. |
| Medium | Volume Quinto . |
| Statement of responsibility, etc. | Roberto Ago . |
| 264 #1 - PRODUCTION, PUBLICATION, DISTRIBUTION, MANUFACTURE, AND COPYRIGHT NOTICE | |
| Place of production, publication, distribution, manufacture | Milano : |
| Name of producer, publisher, distributor, manufacturer | Istituto Di Diritto Internazionale E Straniero Della Università Di Milano, |
| Date of production, publication, distribution, manufacture, or copyright notice | 1953. |
| 300 ## - PHYSICAL DESCRIPTION | |
| Extent | 669 Pages; |
| Dimensions | 24 cm. |
| 336 ## - CONTENT TYPE | |
| Source | rda content |
| Content type term | text |
| 337 ## - MEDIA TYPE | |
| Source | rda media |
| Media type term | Computer |
| 338 ## - CARRIER TYPE | |
| Source | rda carrier |
| Carrier type term | Online Resource |
| 546 ## - LANGUAGE NOTE | |
| Language note | Text in Italian |
| 650 1# - SUBJECT ADDED ENTRY--TOPICAL TERM | |
| Topical term or geographic name entry element | Diritto internazionale pubblico |
| 700 1# - ADDED ENTRY--PERSONAL NAME | |
| Personal name | Mario Giuliano |
| Relator term | Contributor |
| 700 1# - ADDED ENTRY--PERSONAL NAME | |
| Personal name | Piero Ziccardi |
| Relator term | Contributor |
| 856 40 - ELECTRONIC LOCATION AND ACCESS | |
| Uniform Resource Identifier | <a href="https://fll.law.cu.edu.eg/fulltext/bks/B11-06139.pdf">https://fll.law.cu.edu.eg/fulltext/bks/B11-06139.pdf</a> |
| 905 ## - Cataloger and Reviser Names | |
| Cataloger Name: | Logain Ashraf |
| 942 ## - ADDED ENTRY ELEMENTS (KOHA) | |
| Source of classification or shelving scheme | Dewey Decimal Classification |
| Suppress in OPAC | No |
| Koha item type | Books |
| Edition | 21 |
| Withdrawn status | Lost status | Source of classification or shelving scheme | Materials specified (bound volume or other part) | Damaged status | Not for loan | Collection | Home library | Current library | Date acquired | Total checkouts | Full call number | Barcode | Date last seen | Copy number | Price effective from | Koha item type |
|---|---|---|---|---|---|---|---|---|---|---|---|---|---|---|---|---|
| Dewey Decimal Classification | V5 | Not for loan | القانون الدولي العام | جــــامعة القــاهرة | مكتبة كلية الحقوق - المبنى الرئيسي | 09.12.2025 | Law1 11 341.22 AG .C 1953 1106139 C1 | B11-06139 | 09.12.2025 | 1 | 09.12.2025 | Books |